000 00720nam a2200229Ia 4500
003 OSt
005 20230408112137.0
008 210423s2017 xx 000 0 und d
020 _a978-81-309-3171-5
040 _cAL
041 _aeng
082 _a510
_223
_bTABH
100 _aTABAK (John)
_984918
245 _aHistory of mathematics: mathematics and the laws of nature Rev Ed Vol 4
_bDeveloping the language of science
260 _aNew Delhi
_bViva Books Pvt Ltd
_c2017
300 _axix,244
_bHB
365 _b1499.16
_cINR
440 _v4
650 _aMathematics
_984919
906 _aDeveloping ; History ; language ; laws ; mathematics ; mathematics: ; nature ; Rev ; science ; Vol
942 _2ddc
_cBK
999 _c169421
_d169421